000 00448nam a2200193Ia 4500
008 240510s9999 xx 000 0 und d
020 _a0000240805011
041 _aEng
082 _a006.7
082 _bP55
100 _aPoole, C & Bradley, J.
245 0 _aDEVELOPERS DIGITAL MEDIA REFERENCE
260 _bNEW DELHI : FOCAL
260 _c2003
300 _a530 p.
650 _aMULTIMEDIA : PRODUCTION
942 _2ddc
942 _cRBK
999 _c27140
_d27140
945 _a1
_bMadushi Gamage
_c1
_dMadushi Gamage